000 00782cam a2200265 a 4500
001 145749
003 OSt
005 20180921
008 0000001982 dr 0000000000 00
100 _aPrats-Ramírez de Pérez, Ivelisse
245 _aLos días difíciles /
_cLos días difíciles /
260 _aSanto Domingo :
_b[s. n.]
300 _a271p.
650 _aEDUCACION
_aREPUBLICA DOMINICANA
040 _aDLC
_cDLC
942 _2ddc
_cBK
999 _c145749
_d14574900